| 000 | 01453cam a2200325 a 4500 | ||
|---|---|---|---|
| 001 | 3997426 | ||
| 003 | OSt | ||
| 005 | 20211208152613.0 | ||
| 008 | 960321s1996 enkab b 000 0 eng | ||
| 010 | _a 96015200 | ||
| 020 | _a0521564336 (hardback) | ||
| 020 | _a0521564360 (pbk.) | ||
| 040 |
_aDLC _cHU _dDLC |
||
| 050 | 0 | 0 |
_aQC981.8.C5 _bC5128 1996 |
| 082 | 0 | 0 |
_a551.6 _220 |
| 245 | 0 | 0 |
_aClimate change 1995 : _bthe science of climate change / _cedited by J.T. Houghton ... [et al.] ; production editor, J.A. Lakeman. |
| 260 |
_aCambridge ; _aNew York : _bCambridge University Press, _c1996. |
||
| 300 |
_axii, 572 p. : _bill. (some col.), maps (some col.) ; _c29 cm. |
||
| 500 | _a"Published for the Intergovernmental Panel on Climate Change." | ||
| 500 | _a"Contribution of WGI to the second assessment report of the Intergovernmental Panel on Climate Change." | ||
| 504 | _aIncludes bibliographical references. | ||
| 650 | 0 |
_aClimatic changes. _96503 |
|
| 700 | 1 |
_aHoughton, John Theodore. _922216 |
|
| 710 | 2 |
_aIntergovernmental Panel on Climate Change. _922217 |
|
| 856 | 4 | 2 |
_3Publisher description _uhttp://www.loc.gov/catdir/description/cam027/96015200.html |
| 856 | 4 | 1 |
_3Table of contents _uhttp://www.loc.gov/catdir/toc/cam021/96015200.html |
| 906 |
_a7 _bcbc _corignew _d1 _eocip _f19 _gy-gencatlg |
||
| 942 |
_2ddc _cBOOKS _n0 |
||
| 999 |
_c21909 _d21909 |
||